[Event "SRB-chT Men 1st League 2019"]
[Site "Subotica"]
[Date "2019.08.28"]
[Round "7.15"]
[White "Radovanovic, Mihajlo"]
[Black "Miladinovic, Igor"]
[Result "1/2-1/2"]
[WhiteElo "2496"]
[BlackElo "2532"]
[Annotator "TA"]
[PlyCount "163"]
[EventDate "2019.08.23"]
[EventType "team-tourn"]
[EventCountry "SRB"]
[SourceTitle "playchess.com"]
[Source "ChessBase"]
[SourceQuality "1"]

{[%evp 9,163,32,49,43,75,64,72,74,77,79,83,70,65,66,60,47,43,10,0,14,8,13,25,0,0,0,0,15,61,39,38,-17,-7,-25,-20,-41,-34,-42,-30,-25,-24,-24,-24,-25,-28,-20,-24,-25,-22,-61,-52,-59,-40,-39,-70,-67,-30,-97,-87,-78,-93,-87,-69,-51,-60,-59,-20,-20,-20,-20,-20,-20,-20,-20,-20,-20,-20,-26,-26,-26,-26,-26,-26,-42,-42,-42,-42,-64,-64,-64,-64,-64,-64,-106,-114,-114,-42,-42,-42,-42,-42,-42,-42,-42,-42,-64,-64,-64,-64,-64,-64,-64,-42,-64,-64,-64,-64,-64,-64,-64,-64,-64,-64,-64,-64,-130,-130,-592,-130,-130,-130,-130,-130,-130,-130,-130,-59,-130,-64,-130,-8,-8,0,0,0,0,0,0,0,0,0,0,0,0,0,0]} 1. d4 d5 2. c4 Nc6 3. Nc3 Nf6 4. Nf3 dxc4 5. e4 Bg4 6. Bxc4 {D07: Queen's Gambit: Chigorin Defence} (6. d5 Ne5 7. Bf4 Nfd7 8. Qa4 Nxf3+ 9. gxf3 Bxf3 10. Rg1 a6 11. Qxc4 g6 12. Rg3 Bh5 13. Bxc7 Qc8 14. d6 e6 {1-0 (35) Korobov,A (2698)-Ponomariov,R (2663) Kiev 2018}) 6... e6 7. Bb5 Bxf3 8. gxf3 {White is better.} a6 9. Bxc6+ $1 bxc6 10. Qa4 Qd7 11. Rg1 $146 ({Predecessor:} 11. Be3 Be7 12. O-O O-O 13. Rfd1 Rfb8 {½-½ (45) Vega Gutierrez,S (2413)-Arabidze,M (2373) Riga 2017}) 11... g6 12. Bg5 Bg7 13. Qb4 a5 14. Qc5 Qd6 15. Qc4 Nh5 16. e5 Qd7 17. Ne4 Rb8 18. O-O-O h6 19. Bd2 Qd5 20. Qxd5 (20. b3 $14) 20... cxd5 $11 21. Ng3 Nxg3 22. hxg3 a4 23. Be3 c5 24. dxc5 Bxe5 25. Bd4 Bxd4 26. Rxd4 {[%mdl 4096] Endgame KRR-KRR} Ra8 27. Rb4 Ke7 28. Rb7+ Kf6 29. Rh1 h5 30. Kb1 g5 31. b4 axb3 32. axb3 Rac8 33. Rb5 (33. Rc1 $11) 33... h4 $17 34. gxh4 gxh4 35. Rh3 Rb8 36. Rxb8 Rxb8 $15 {KR-KR} 37. Kb2 Rb4 38. Ka3 $1 {[%cal Ra3b4]} Rf4 39. b4 $1 Ke7 40. Ka4 $1 d4 {White must now prevent ...d3.} 41. Kb3 d3 {Hoping for ...Rd4.} 42. Kc3 {[#]} d2 $1 {[%mdl 512]} 43. Kxd2 Rxb4 44. Rh1 Kd7 45. Ke3 e5 46. Ra1 Kc6 47. Ra6+ Kxc5 48. Rf6 {[#]} Rf4 $1 {[%mdl 512]} 49. Rh6 (49. Rxf4 exf4+) 49... Kd5 50. Ke2 f6 51. Rh8 Ke6 52. Kf1 Rxf3 (52... Ke7 $17 53. Rh7+ Ke6) 53. Rxh4 f5 54. Rh8 e4 55. Re8+ Kf6 56. Kg2 Rb3 57. Rh8 Ke5 58. Re8+ Kf4 59. Rh8 Rb7 60. Rg8 Rb2 61. Rg3 Ke5 {aiming for ...f4.} 62. Rg8 Rb6 63. Re8+ Re6 64. Rg8 f4 65. Kf1 Rb6 66. Re8+ Kf5 67. Kg2 (67. Rg8 $1 $15) 67... f3+ $17 68. Kg1 $2 {[%mdl 8192] [#]} (68. Kh2 $17) 68... Kf4 $2 (68... Rb1+ $1 $19 {and Black stays clearly on top.} 69. Kh2 Rf1 70. Rf8+ Kg4 71. Rg8+ Kh5 72. Rh8+ Kg5) 69. Rf8+ {[#]} Ke5 $1 70. Re8+ Kd4 71. Rd8+ Kc3 {...Rb1+ is the strong threat.} 72. Ra8 Kc2 (72... Kd3 $17 73. Ra3+ Kc4 74. Ra4+ Kd5 75. Ra5+ Kc4 76. Ra4+ Kd5) 73. Ra2+ (73. Kh2 $15) 73... Rb2 ({Black should play} 73... Kd3 $17 74. Ra3+ Kd4 75. Ra4+ Ke5 76. Ra5+ Kf4) 74. Ra4 (74. Ra3 $15) 74... Rb1+ (74... Kd3 $17 75. Ra3+ Kc4) 75. Kh2 $11 {The position is equal.} e3 76. fxe3 Kd3 {( -> ...f2)} (76... f2 $5 77. Ra2+ $8 Kc3 78. Rxf2 Kd3 $11) 77. Kg3 Kxe3 {Strongly threatening ...Rg1+.} 78. Ra3+ Ke4 79. Ra4+ Ke3 {And now ...Rg1+ would win.} 80. Ra3+ Ke4 81. Ra4+ Ke3 {Threatens to win with ...Rg1+.} 82. Ra3+ {Accuracy: White = 59%, Black = 64%.} 1/2-1/2

[Event "SRB-chT Men 1st League 2019"]
[Site "Subotica"]
[Date "2019.08.28"]
[Round "7.16"]
[White "Miljkovic, Miroslav D"]
[Black "Vuckovic, Bojan"]
[Result "1-0"]
[WhiteElo "2483"]
[BlackElo "2581"]
[Annotator "TA"]
[PlyCount "47"]
[EventDate "2019.08.23"]
[EventType "team-tourn"]
[EventCountry "SRB"]
[SourceTitle "playchess.com"]
[Source "ChessBase"]
[SourceQuality "1"]

{[%evp 19,47,17,20,2,21,29,44,35,36,54,118,110,137,131,1275,1303,1272,1271,1218,1213,1159,1159,29977,6307,29994,29995,29995,29996,29996,29997]} 1. d4 Nf6 2. c4 g6 3. Nc3 d5 4. Nf3 Bg7 5. cxd5 Nxd5 6. e4 Nxc3 7. bxc3 c5 8. Be3 Qa5 9. Qd2 O-O 10. Rc1 Rd8 11. h4 {D85: Exchange Grünfeld: Unusual White 7th moves and lines with 7 Nf3} (11. d5 e6 12. Bg5 f6 13. Be3 Nc6 14. h4 exd5 15. exd5 Bg4 16. Be2 c4 17. Bxc4 Bxf3 18. gxf3 Ne5 19. Be2 Qxd5 20. Qxd5+ Rxd5 {½-½ (40) Akobian,V (2625)-So,W (2762) Saint Louis 2019}) 11... Nc6 12. d5 e6 13. h5 {And now Bh6 would win.White is slightly better.} exd5 14. hxg6 hxg6 (14... fxg6 $14 15. exd5 Ne5) 15. Bh6 $1 $16 {[%cal Rh6g7] aiming for Bxg7.} ({But not} 15. exd5 $6 Bg4 $11) 15... Bh8 {[#]} 16. Bg5 $1 {[#]} ({Don't do} 16. exd5 $6 Ne5 $14) 16... Re8 $146 {[%mdl 8192] [#]} (16... Bg7 $16) ({Predecessor:} 16... Rd6 17. Rxh8+ Kxh8 18. Qf4 Qc7 19. Bf6+ Kg8 20. Qh2 {1-0 (20) Kozul,Z (2602)-Brkic,A (2587) Zagreb 2012}) 17. Rxh8+ $1 $18 {[%mdl 512]} Kxh8 18. Bf6+ Kh7 19. Ng5+ Kg8 20. Qf4 {Intending Qh4 and mate.} ({Stronger than} 20. Qxd5 Qc7 $15) 20... Qa3 21. Rc2 {Threatening mate with Qh4.} Qa4 {[#]} 22. Qh2 $3 {[%csl Gf6][%cal Rh2h8][%mdl 512] White mates.} Rxe4+ 23. Nxe4 Qxe4+ 24. Be2 {Accuracy: White = 90%, Black = 10%.} 1-0

[Event "SRB-chT Men 1st League 2019"]
[Site "Subotica"]
[Date "2019.08.28"]
[Round "7.17"]
[White "Roganovic, Milos"]
[Black "Lazic, Miroljub"]
[Result "1/2-1/2"]
[WhiteElo "2505"]
[BlackElo "2387"]
[Annotator "TA"]
[PlyCount "46"]
[EventDate "2019.08.23"]
[EventType "team-tourn"]
[EventCountry "SRB"]
[SourceTitle "playchess.com"]
[Source "ChessBase"]
[SourceQuality "1"]

{[%evp 17,46,16,15,25,33,32,41,0,0,-11,16,14,38,35,44,35,37,0,0,0,0,0,0,0,0,-25,-29,-26,0,0,0]} 1. e4 e5 2. Nf3 Nc6 3. Bc4 Bc5 4. d3 Nf6 5. O-O d6 6. c3 O-O 7. a4 a6 8. Bg5 h6 9. Bh4 Ba7 10. Na3 {C54: Giuoco Piano: 4 c3 Nf6, main lines with 5 d4 and 5 d3} Be6 (10... g5 11. Bg3 g4 12. Nh4 Nh5 13. Nc2 Qg5 14. Re1 Be6 15. Ne3 Bxe3 16. Rxe3 Bxc4 17. dxc4 Ne7 {1-0 (53) Aronian,L (2767)-Nakamura,H (2777) chess.com INT 2018}) 11. b4 Qe7 12. b5 $146 {White is slightly better.} (12. Re1 {looks sharper.} Bxc4 13. Nxc4 Qe6 14. Bxf6 Qxf6 15. b5) ({Predecessor:} 12. Qb3 Bg4 13. Qd1 g5 14. Bg3 Nh5 15. Nc2 Kh8 16. Ne3 Bxe3 17. fxe3 Nxg3 18. hxg3 f5 19. exf5 Rxf5 20. Bd5 Raf8 21. Qd2 Nd8 22. Nh2 {½-½ (22) Muzychuk,A (2558)-Lagno,K (2530) Doha 2016}) 12... axb5 13. axb5 Na5 14. Bxe6 Qxe6 15. Bxf6 Qxf6 16. Nc2 Bb6 17. Ne3 Bxe3 18. fxe3 Qe6 19. c4 b6 20. Nd2 Nb7 21. d4 Rxa1 22. Qxa1 Na5 23. Qc3 Re8 1/2-1/2

[Event "SRB-chT Men 1st League 2019"]
[Site "Subotica"]
[Date "2019.08.28"]
[Round "7.18"]
[White "Laketic, Gojko"]
[Black "Zajic, Milan"]
[Result "1/2-1/2"]
[WhiteElo "2376"]
[BlackElo "2497"]
[Annotator "TA"]
[PlyCount "120"]
[EventDate "2019.08.23"]
[EventType "team-tourn"]
[EventCountry "SRB"]
[SourceTitle "playchess.com"]
[Source "ChessBase"]
[SourceQuality "1"]

{[%evp 17,120,22,27,18,30,21,15,0,6,11,29,-25,-13,-18,-18,-19,-19,-25,-20,-17,-27,-22,-19,-26,-33,-39,-31,-43,0,0,0,0,0,-8,0,0,0,0,0,-9,-8,-9,0,0,0,0,0,0,0,-8,0,0,0,0,0,0,0,0,0,0,0,-16,0,0,0,0,0,0,0,0,0,0,0,0,0,0,0,0,0,0,0,0,0,0,0,0,0,0,0,0,0,0,0,0,0,0,0,0,0,-8,-8,-45,-8,-8,-8]} 1. d4 Nf6 2. c4 e6 3. Nf3 Bb4+ 4. Nbd2 d5 5. Qa4+ Nc6 6. a3 Bxd2+ 7. Bxd2 Ne4 8. Rd1 O-O 9. e3 Bd7 {Hoping for ...Nxd4!} 10. Qc2 {E11: Bogo-Indian} Be8 11. Bd3 f5 12. Bc1 Bh5 13. Be2 {[#]} Kh8 $146 ({Predecessor:} 13... a5 14. b3 Rf6 15. Ng1 Bxe2 16. Nxe2 Rh6 17. Nf4 g5 {½-½ (17) Malakhatko,V (2549)-Bauer,C (2610) Cannes 2010}) 14. Ne5 (14. O-O $142) 14... Nxe5 15. dxe5 Bxe2 16. Qxe2 c6 17. O-O a5 18. f3 Nc5 19. Bd2 Qc7 20. Bc3 Na4 21. Qc2 b5 22. c5 {Strongly threatening Bd4.} Nxc5 23. Bxa5 $1 Rxa5 24. Qxc5 {[%cal Rc5f8]} Rb8 25. Rc1 Qxe5 26. Qxc6 {White threatens Qc8+! and mate.} Raa8 27. Rfe1 h6 28. Rc2 Ra4 {...Rc4 is the strong threat.} 29. Qc3 Qd6 30. Qc6 Qe7 31. Qc7 Qxc7 32. Rxc7 $11 {[%mdl 4096] Endgame KRR-KRR} b4 33. axb4 Raxb4 34. Re7 Rxb2 35. Rxe6 Rd2 36. h4 Rb4 37. e4 fxe4 38. fxe4 Kh7 39. h5 d4 40. Rg6 Rc2 41. Rf1 {aiming for Rf7!} Rb7 42. Rd6 Rbb2 43. Rg6 $1 {Black must now prevent Rf7!} Rb7 44. Rd6 Re2 45. Rf4 Rb5 46. Rxd4 Rxh5 47. Rg4 Re5 {[#]} (47... g5 {is more complex.} 48. Rd1 Kg6 49. Ra1 Kf6 50. Ra6+ Ke5) 48. Rd7 $1 {[%mdl 512]} Rg5 49. Rxg5 hxg5 {KR-KR} 50. Re7 Kg6 51. Kh2 Re3 52. Re6+ Kf7 53. Re5 Kf6 54. Rf5+ Kg6 55. Re5 g4 56. Re8 Kf6 57. Rf8+ Kg5 58. Rf5+ Kh4 59. g3+ Rxg3 {[#]} 60. Rh5+ $1 {[%mdl 512]} Kxh5 {Accuracy: White = 76%, Black = 65%.} 1/2-1/2

[Event "SRB-chT Men 1st League 2019"]
[Site "Subotica"]
[Date "2019.08.29"]
[Round "8.1"]
[White "Rublevsky, Sergei"]
[Black "Rakhmanov, Aleksandr"]
[Result "1-0"]
[WhiteElo "2652"]
[BlackElo "2606"]
[Annotator "TA"]
[PlyCount "57"]
[EventDate "2019.08.23"]
[EventType "team-tourn"]
[EventCountry "SRB"]
[SourceTitle "playchess.com"]
[Source "ChessBase"]
[SourceQuality "1"]

{[%evp 12,57,0,0,4,3,8,1,8,11,15,13,14,12,19,15,18,14,40,31,23,43,33,22,42,38,56,55,70,65,63,44,54,45,41,50,407,370,750,718,714,695,2342,2248,29996,29997,29998,29999]} 1. e4 e5 2. Nf3 Nf6 3. d4 Nxe4 4. Bd3 d5 5. Nxe5 Nd7 6. O-O Nxe5 7. dxe5 Nc5 {C43: Petroff Defence: 3 d4} 8. Be3 c6 9. f4 g6 {The position is equal.} 10. Nd2 {[%cal Bb1d2,Bd2b3,Bb3d4][%mdl 32]} Nxd3 $146 ({Predecessor:} 10... Be7 11. Nf3 Nxd3 12. Qxd3 c5 13. Rad1 d4 14. Bf2 Bf5 15. Qd2 {½-½ (32) Jones,G (2677)-Smirin,I (2594) Batumi 2018}) 11. cxd3 Be6 12. Rc1 Be7 13. Nb3 Rc8 14. Bc5 b6 15. Bxe7 Qxe7 16. Nd4 Bd7 17. f5 O-O 18. Qe2 Qh4 19. Nf3 Qh5 20. f6 Rfe8 21. h3 d4 22. Qd2 {Hoping for Rce1.} c5 23. Rce1 {aiming for Re4.} Bc6 $2 {[%mdl 8192] [#]} ({Black should play} 23... h6 $1 $14) 24. e6 $1 $18 {[%cal Re6f7][%mdl 512]} Rxe6 $2 (24... Bxf3 25. Rxf3 h6 26. exf7+ Kxf7 27. Re7+ Rxe7 28. fxe7+ Qxf3 29. gxf3 g5) 25. Rxe6 fxe6 26. Ng5 Bd5 27. Qf4 {Intending f7+ and mate.} Qe2 28. f7+ Kg7 29. f8=Q+ {Accuracy: White = 93%, Black = 36%.} 1-0

[Event "SRB-chT Men 1st League 2019"]
[Site "Subotica"]
[Date "2019.08.29"]
[Round "8.2"]
[White "Perunovic, Milos"]
[Black "Ivanisevic, Ivan"]
[Result "1/2-1/2"]
[WhiteElo "2569"]
[BlackElo "2618"]
[Annotator "TA"]
[PlyCount "46"]
[EventDate "2019.08.23"]
[EventType "team-tourn"]
[EventCountry "SRB"]
[SourceTitle "playchess.com"]
[Source "ChessBase"]
[SourceQuality "1"]

{[%evp 14,15,28,19]} 1. e4 c5 2. Nf3 e6 3. d4 cxd4 4. Nxd4 Nc6 5. Nc3 Qc7 6. Be2 a6 7. O-O Nf6 8. Be3 {Predecessor:} Be7 $146 9. f4 d6 10. Qe1 O-O 11. Qg3 Nxd4 12. Bxd4 b5 13. a3 Bb7 14. Rae1 Bc6 15. Kh1 Rad8 16. Bd3 Qd7 17. b4 Nh5 18. Qg4 Nf6 19. Qg3 Nh5 20. Qg4 Nf6 21. Qg3 Qb7 22. Qh3 h6 23. Rf3 Qc8 {1-0 (56) Azarov,S (2575)-So,W (2765) chess.com INT 2019} 1/2-1/2

[Event "SRB-chT Men 1st League 2019"]
[Site "Subotica"]
[Date "2019.08.29"]
[Round "8.3"]
[White "Miladinovic, Igor"]
[Black "Damljanovic, Branko"]
[Result "1-0"]
[WhiteElo "2532"]
[BlackElo "2483"]
[Annotator "ChessBase"]
[PlyCount "65"]
[EventDate "2019.08.23"]
[EventType "team-tourn"]
[EventCountry "SRB"]
[SourceTitle "playchess.com"]
[Source "ChessBase"]
[SourceQuality "1"]
[TimeControl "40/5400+30:1800+30"]

1. d4 {[%emt 0:00:00]} Nf6 {[%emt 0:00:09]} 2. Bg5 {[%emt 0:00:00]} c5 {[%emt 0:00:44]} 3. Nc3 {[%emt 0:07:18]} cxd4 {[%emt 0:05:13]} 4. Qxd4 {[%emt 0:00:16]} Nc6 {[%emt 0:01:51]} 5. Qh4 {[%emt 0:00:29]} e6 {[%emt 0:08:21]} 6. e4 {[%emt 0:04:41]} h6 {[%emt 0:02:41]} 7. O-O-O {[%emt 0:14:41]} a6 {[%emt 0:09:25]} 8. f4 {[%emt 0:09:51]} Rg8 {[%emt 0:14:04]} 9. Bxf6 {[%emt 0:00:28]} Qxf6 {[%emt 0:01:19]} 10. Qf2 {[%emt 0:00:26]} g5 {[%emt 0:10:25]} 11. g3 {[%emt 0:00:09]} Be7 {[%emt 0:07:21]} 12. Nge2 {[%emt 0:04:56]} d6 {[%emt 0:01:31]} 13. Bh3 {[%emt 0:07:01]} gxf4 {[%emt 0:18:33]} 14. gxf4 {[%emt 0:03:41]} Bd7 {[%emt 0:00:09]} 15. Qb6 {[%emt 0:04:22]} Qh4 {[%emt 0:00:23]} 16. Rd3 {[%emt 0:02:02]} Bd8 {[%emt 0:01:39]} 17. Qxb7 {[%emt 0:02:07]} Rb8 {[%emt 0:02:57]} 18. Qxa6 {[%emt 0:01:40]} Nb4 {[%emt 0:00:10]} 19. Qxd6 {[%emt 0:00:06]} Nxd3+ {[%emt 0:00:04]} 20. Qxd3 {[%emt 0:00:11]} Bc7 {[%emt 0:03:29]} 21. Rf1 {[%emt 0:01:39]} Rd8 {[%emt 0:05:59]} 22. Qf3 {[%emt 0:00:44]} Bc6 {[%emt 0:00:41]} 23. Qe3 {[%emt 0:00:56]} Bb7 {[%emt 0:00:40]} 24. Kb1 {[%emt 0:00:41]} Ba6 {[%emt 0:00:24]} 25. a4 {[%emt 0:00:58]} Bb6 {[%emt 0:02:07]} 26. Qxb6 {[%emt 0:08:38]} Bxe2 {[%emt 0:00:15]} 27. Qc6+ {[%emt 0:00:05]} Kf8 {[%emt 0:00:10]} 28. Qc5+ {[%emt 0:00:11]} Ke8 {[%emt 0:00:26]} 29. Nxe2 {[%emt 0:00:48]} Qxh3 {[%emt 0:00:02]} 30. Ng3 {[%emt 0:00:53]} h5 {[%emt 0:02:04]} 31. Ka2 {[%emt 0:01:45]} Rh8 {[%emt 0:00:48]} 32. Rf3 {[%emt 0:03:03]} f6 {[%emt 0:00:02]} 33. Nf5 {[%emt 0:00:22]} 1-0

[Event "SRB-chT Men 1st League 2019"]
[Site "Subotica"]
[Date "2019.08.29"]
[Round "8.4"]
[White "Tadic, Branko"]
[Black "Miljkovic, Miroslav D"]
[Result "1-0"]
[WhiteElo "2488"]
[BlackElo "2483"]
[Annotator "ChessBase"]
[PlyCount "145"]
[EventDate "2019.08.23"]
[EventType "team-tourn"]
[EventCountry "SRB"]
[SourceTitle "playchess.com"]
[Source "ChessBase"]
[SourceQuality "1"]
[TimeControl "40/5400+30:1800+30"]

1. Nf3 {[%emt 0:04:59]} d5 {[%emt 0:00:00]} 2. d4 {[%emt 0:00:17]} Bf5 {[%emt 0:00:01]} 3. c4 {[%emt 0:01:06]} e6 {[%emt 0:00:07]} 4. Nc3 {[%emt 0:05:14]} Nc6 {[%emt 0:00:34]} 5. Bf4 {[%emt 0:02:19]} Bd6 {[%emt 0:00:18]} 6. Bxd6 {[%emt 0:05:57]} Qxd6 {[%emt 0:00:18]} 7. cxd5 {[%emt 0:11:13]} exd5 {[%emt 0:00:11]} 8. e3 {[%emt 0:00:16]} Nf6 {[%emt 0:02:03]} 9. Rc1 {[%emt 0:01:05]} O-O {[%emt 0:03:35]} 10. a3 {[%emt 0:03:38]} a6 {[%emt 0:03:20]} 11. Be2 {[%emt 0:01:23]} Ne7 {[%emt 0:05:58]} 12. Nh4 {[%emt 0:07:07]} c6 {[%emt 0:07:53]} 13. Na4 {[%emt 0:05:59]} Ne4 {[%emt 0:08:52]} 14. Nc5 {[%emt 0:01:19]} Nxc5 {[%emt 0:10:28]} 15. Rxc5 {[%emt 0:06:13]} Qf6 {[%emt 0:01:01]} 16. g3 {[%emt 0:01:37]} Nc8 {[%emt 0:03:50]} 17. Nxf5 {[%emt 0:05:57]} Qxf5 {[%emt 0:00:24]} 18. Bd3 {[%emt 0:00:05]} Qf6 {[%emt 0:01:33]} 19. Qh5 {[%emt 0:02:51]} g6 {[%emt 0:04:18]} 20. Qh6 {[%emt 0:02:02]} Re8 {[%emt 0:01:50]} 21. O-O {[%emt 0:01:21]} Nd6 {[%emt 0:00:57]} 22. b4 {[%emt 0:02:44]} Ne4 {[%emt 0:18:53]} 23. Rc2 {[%emt 0:00:18]} Re6 {[%emt 0:03:23]} 24. a4 {[%emt 0:03:41]} Qe7 {[%emt 0:11:11]} 25. Rb1 {[%emt 0:03:38]} Nd6 {[%emt 0:03:39]} 26. Rc5 {[%emt 0:04:37]} Rd8 {[%emt 0:05:28]} 27. b5 {[%emt 0:00:51]} axb5 {[%emt 0:00:05]} 28. axb5 {[%emt 0:00:05]} Nxb5 {[%emt 0:00:43]} 29. Bxb5 {[%emt 0:01:04]} cxb5 {[%emt 0:00:01]} 30. Rcxb5 {[%emt 0:00:51]} Rd7 {[%emt 0:00:11]} 31. Qf4 {[%emt 0:00:58]} Kg7 {[%emt 0:00:05]} 32. Qf3 {[%emt 0:02:44]} Rf6 {[%emt 0:00:16]} 33. Qd1 {[%emt 0:00:39]} Rc6 {[%emt 0:01:39]} 34. Qf3 {[%emt 0:02:54]} Rf6 {[%emt 0:01:07]} 35. Qg2 {[%emt 0:03:02]} Rfd6 {[%emt 0:00:54]} 36. h4 {[%emt 0:01:37]} h5 {[%emt 0:00:05]} 37. R1b2 {[%emt 0:00:35]} Kh7 {[%emt 0:00:51]} 38. Kh2 {[%emt 0:00:51]} Kg7 {[%emt 0:00:13]} 39. Qh1 {[%emt 0:00:16]} g5 {[%emt 0:00:34]} 40. hxg5 {[%emt 0:00:00]} Qxg5 {[%emt 0:00:00]} 41. Qg2 {[%emt 0:09:58]} Rg6 {[%emt 0:02:39]} 42. Rxb7 {[%emt 0:00:32]} Rxb7 {[%emt 0:03:15]} 43. Rxb7 {[%emt 0:00:05]} h4 {[%emt 0:00:02]} 44. g4 {[%emt 0:01:02]} Qxg4 {[%emt 0:00:32]} 45. Qxg4 {[%emt 0:00:15]} Rxg4 {[%emt 0:00:05]} 46. Kh3 {[%emt 0:00:14]} Rg5 {[%emt 0:00:49]} 47. Kxh4 {[%emt 0:02:17]} Rg2 {[%emt 0:00:04]} 48. Rb2 {[%emt 0:00:42]} Kf6 {[%emt 0:00:09]} 49. Kh3 {[%emt 0:00:05]} Rg1 {[%emt 0:01:06]} 50. Kh2 {[%emt 0:02:05]} Rg8 {[%emt 0:00:13]} 51. Rb1 {[%emt 0:00:24]} Ke6 {[%emt 0:01:57]} 52. Rg1 {[%emt 0:00:37]} Rh8+ {[%emt 0:00:18]} 53. Kg2 {[%emt 0:00:12]} Rg8+ {[%emt 0:00:57]} 54. Kf1 {[%emt 0:00:04]} Rh8 {[%emt 0:00:42]} 55. Ke2 {[%emt 0:00:06]} f6 {[%emt 0:00:27]} 56. Ra1 {[%emt 0:00:30]} Rh3 {[%emt 0:01:32]} 57. Ra6+ {[%emt 0:01:10]} Ke7 {[%emt 0:00:07]} 58. Kf1 {[%emt 0:00:12]} Rh1+ {[%emt 0:02:48]} 59. Kg2 {[%emt 0:00:08]} Rh5 {[%emt 0:01:08]} 60. Kg3 {[%emt 0:00:07]} Rg5+ {[%emt 0:01:09]} 61. Kf4 {[%emt 0:00:12]} Rg2 {[%emt 0:00:26]} 62. Ra2 {[%emt 0:08:17]} Ke6 {[%emt 0:00:14]} 63. e4 {[%emt 0:02:21]} dxe4 {[%emt 0:00:33]} 64. Kxe4 {[%emt 0:00:03]} Rg4+ {[%emt 0:05:42]} 65. Ke3 {[%emt 0:00:43]} Rg1 {[%emt 0:01:03]} 66. Ra6+ {[%emt 0:03:13]} Ke7 {[%emt 0:02:04]} 67. Ke4 {[%emt 0:00:50]} Re1+ {[%emt 0:09:48]} 68. Kf5 {[%emt 0:01:13]} Rd1 {[%emt 0:01:11]} 69. Re6+ {[%emt 0:00:24]} Kd7 {[%emt 0:00:04]} 70. Re4 {[%emt 0:00:04]} Rd3 {[%emt 0:00:22]} 71. f4 {[%emt 0:00:11]} Kd6 {[%emt 0:01:29]} 72. Kxf6 {[%emt 0:00:08]} Kd5 {[%emt 0:00:55]} 73. Re8 {[%emt 0:00:05]} 1-0

[Event "SRB-chT Men 1st League 2019"]
[Site "Subotica"]
[Date "2019.08.29"]
[Round "8.5"]
[White "Lazic, Miroljub"]
[Black "Nestorovic, Nikola"]
[Result "1-0"]
[WhiteElo "2387"]
[BlackElo "2468"]
[Annotator "ChessBase"]
[PlyCount "107"]
[EventDate "2019.08.23"]
[EventType "team-tourn"]
[EventCountry "SRB"]
[SourceTitle "playchess.com"]
[Source "ChessBase"]
[SourceQuality "1"]
[TimeControl "40/5400+30:1800+30"]

1. Nf3 {[%emt 1:30:30]} d5 {[%emt 1:30:30]} 2. b3 {[%emt 0:00:30]} Bg4 {[%emt 0:00:30]} 3. e3 {[%emt 0:00:30]} Nf6 {[%emt 0:00:30]} 4. Bb2 {[%emt 0:00:30]} e6 {[%emt 0:00:30]} 5. h3 {[%emt 0:00:30]} Bh5 {[%emt 0:00:30]} 6. Be2 {[%emt 0:00:30]} Nbd7 {[%emt 0:00:30]} 7. c4 {[%emt 0:00:30]} c6 {[%emt 0:00:30]} 8. d3 {[%emt 0:00:30]} h6 {[%emt 0:00:30]} 9. Nbd2 {[%emt 0:00:30]} Bd6 {[%emt 0:00:30]} 10. d4 {[%emt 0:00:30]} Bg6 {[%emt 0:00:30]} 11. O-O {[%emt 0:00:30]} O-O {[%emt 0:00:30]} 12. Ne5 {[%emt 0:00:30]} Bh7 {[%emt 0:00:30]} 13. Bd3 {[%emt 0:00:30]} Bxd3 {[%emt 0:00:30]} 14. Nxd3 {[%emt 0:00:30]} a5 {[%emt 0:00:30]} 15. Qc2 {[%emt 0:00:30]} a4 {[%emt 0:00:30]} 16. Ne5 {[%emt 0:00:30]} Bb4 {[%emt 0:00:30]} 17. Nxd7 {[%emt 0:00:30]} Qxd7 {[%emt 0:00:30]} 18. Bc3 {[%emt 0:00:30]} Qe7 {[%emt 0:00:30]} 19. Rfb1 {[%emt 0:00:30]} a3 {[%emt 0:00:30]} 20. Rc1 {[%emt 0:00:30]} Bd6 {[%emt 0:00:30]} 21. Rab1 {[%emt 0:00:30]} e5 {[%emt 0:00:30]} 22. c5 {[%emt 0:00:30]} Bc7 {[%emt 0:00:30]} 23. dxe5 {[%emt 0:00:30]} Nd7 {[%emt 0:00:30]} 24. Bd4 {[%emt 0:00:30]} Bxe5 {[%emt 0:00:30]} 25. Nf3 {[%emt 0:00:30]} Bxd4 {[%emt 0:00:30]} 26. exd4 {[%emt 0:00:30]} Qf6 {[%emt 0:00:30]} 27. b4 {[%emt 0:00:30]} g5 {[%emt 0:00:30]} 28. Re1 {[%emt 0:00:30]} Rfe8 {[%emt 0:00:30]} 29. Qd2 {[%emt 0:00:30]} Re4 {[%emt 0:00:30]} 30. Rb3 {[%emt 0:00:30]} Qf4 {[%emt 0:00:30]} 31. Qxf4 {[%emt 0:00:30]} gxf4 {[%emt 0:00:30]} 32. b5 {[%emt 0:00:30]} Ra4 {[%emt 0:00:30]} 33. bxc6 {[%emt 0:00:30]} bxc6 {[%emt 0:00:30]} 34. Kf1 {[%emt 0:00:30]} Rxe1+ {[%emt 0:00:30]} 35. Kxe1 {[%emt 0:00:30]} Kf8 {[%emt 0:00:30]} 36. Kd2 {[%emt 0:00:30]} Ke7 {[%emt 0:00:30]} 37. Kd3 {[%emt 0:00:30]} Kd8 {[%emt 0:00:30]} 38. Ne1 {[%emt 0:00:30]} Nf8 {[%emt 0:00:30]} 39. Nc2 {[%emt 0:00:30]} Ne6 {[%emt 0:00:30]} 40. Rxa3 {[%emt 0:00:30]} Rxa3+ {[%emt 0:00:30]} 41. Nxa3 {[%emt 0:30:30]} f3 {[%emt 0:30:30]} 42. g3 {[%emt 0:00:30]} Ng5 {[%emt 0:00:30]} 43. Ke3 {[%emt 0:00:30]} Nxh3 {[%emt 0:00:30]} 44. Kxf3 {[%emt 0:00:30]} Ng5+ {[%emt 0:00:30]} 45. Ke3 {[%emt 0:00:30]} Ne4 {[%emt 0:00:30]} 46. Nc2 {[%emt 0:00:30]} Nc3 {[%emt 0:00:30]} 47. Nb4 {[%emt 0:00:30]} Kc7 {[%emt 0:00:30]} 48. g4 {[%emt 0:00:30]} f6 {[%emt 0:00:30]} 49. f3 {[%emt 0:00:30]} Kd7 {[%emt 0:00:30]} 50. Kd3 {[%emt 0:00:30]} Nb5 {[%emt 0:00:30]} 51. a4 {[%emt 0:00:30]} Na7 {[%emt 0:00:30]} 52. Nc2 {[%emt 0:00:30]} f5 {[%emt 0:00:30]} 53. Ne3 {[%emt 0:00:30]} fxg4 {[%emt 0:00:30]} 54. Nxg4 {[%emt 0:00:30]} 1-0